[Event "31st open TETEVEN"]
[Site "Teteven"]
[Date "2016.08.19"]
[Round "7.11"]
[White "Bakker, Martijn"]
[Black "Karadzhov, Ivan"]
[Result "1-0"]
[WhiteElo "2099"]
[BlackElo "1766"]
[PlyCount "67"]
[EventDate "2016.08.13"]
[EventType "swiss"]
[EventRounds "9"]
[EventCountry "BUL"]

1. e4 e5 2. Nf3 Nc6 3. d4 exd4 4. c3 dxc3 5. Bc4 d6 6. Nxc3 Nf6 7. Ng5 Ne5 8.
Bb5+ c6 9. f4 h6 10. fxe5 hxg5 11. exf6 cxb5 12. Bxg5 gxf6 13. Qd4 Be7 $146 ({
RR} 13... Rg8 14. Bxf6 Qa5 15. b4 Qc7 16. O-O Bh3 17. Rf2 Rc8 18. Rd1 Qc4 19.
Qxa7 Qxb4 20. Qxb7 Bd7 21. Nd5 Qa4 22. Rdf1 Qc4 23. Bh4 Bg7 24. Rxf7 Bd4+ 25.
Kh1 {1-0 Rajlich,V-Martinovsky,E (2340)/Chicago 1995/EXT 1998}) 14. Nd5 Rh5 15.
Nxf6+ Bxf6 16. Bxf6 Qc7 17. Rd1 Be6 18. Qxd6 Qxd6 19. Rxd6 Kf8 20. O-O Kg8 21.
Rf3 Kh7 22. Rg3 Rg8 23. Rxg8 Kxg8 24. e5 Rf5 25. Rd4 Kh7 26. g4 Rf3 27. Kg2 Re3
28. h4 a5 29. h5 Bxg4 30. Rxg4 Re2+ 31. Kf3 Rh2 32. Rg7+ Kh6 33. Rg8 Rxh5 34.
Kg4 1-0

[Event "31st open TETEVEN"]
[Site "Teteven"]
[Date "2016.08.19"]
[Round "7.14"]
[White "Cholakov, Nikolay"]
[Black "Burdarev, Evgeni"]
[Result "1/2-1/2"]
[WhiteElo "1778"]
[BlackElo "1944"]
[PlyCount "49"]
[EventDate "2016.08.13"]
[EventType "swiss"]
[EventRounds "9"]
[EventCountry "BUL"]

1. Nf3 Nf6 2. d4 d5 3. Bf4 c5 4. e3 Nc6 5. c3 e6 6. Nbd2 Be7 7. h3 O-O 8. Bd3
cxd4 9. exd4 a5 $146 ({RR} 9... h6 10. O-O Bd6 11. Ne5 Bxe5 12. dxe5 Nd7 13.
Re1 Qc7 14. Qe2 f5 15. h4 a6 16. Nf3 Nc5 17. Rad1 Nxd3 18. Qxd3 b5 19. Be3 Na5
20. b3 Bd7 21. Bd4 Be8 22. Qe3 f4 23. Qd3 Bh5 24. Rd2 {
Camara,H (2390)-Ingolotti,C/Tucuman 1971/EXT 1999/1/2 (91)}) ({RR} 9... Re8 10.
O-O h6 11. Re1 a6 12. Ne5 Bd6 13. Ndf3 Qc7 14. Qd2 Ne4 15. Bxe4 dxe4 16. Rxe4
f6 17. Nd3 Bxf4 18. Qxf4 Qxf4 19. Nxf4 e5 20. dxe5 Nxe5 21. Nxe5 Rxe5 22. Rxe5
fxe5 23. Nd3 e4 24. Nc5 {
Kluegel,J (1917)-Hahn,V/Bad Woerishofen 2015/CBM 165 Extra/1-0 (31)}) ({RR} 
9... b6 10. O-O a5 11. Qe2 Re8 12. Rfe1 Bb7 13. Bb5 Nd7 14. Ne5 Ndxe5 15. Bxe5
f6 16. Bg3 Bd6 17. Qg4 e5 18. dxe5 Bxe5 19. Nf3 Bxg3 20. Qxg3 Re7 21. Bxc6 Bxc6
22. Nd4 Rc8 23. Nf5 Rxe1+ 24. Rxe1 {Seegers,H-Sohraby,A/Dortmund 1988/TD/1-0})
({RR} 9... Nh5 10. Bh2 Bd6 11. Ne5 g6 12. Ndf3 Ng7 13. O-O Nxe5 14. Nxe5 f6 15.
Ng4 Bxh2+ 16. Nxh2 e5 17. Bc2 exd4 18. Qxd4 Nf5 19. Bxf5 Bxf5 20. Rad1 Be6 21.
Rfe1 Re8 22. Ng4 Bxg4 23. Rxe8+ Qxe8 24. Qxg4 {
Del Rio Esteban,J-Hernandez Velasco,J/Valladolid 1989/EXT 2009/0-1 (50)}) 10.
O-O Qb6 11. Qb3 Qa7 12. Ne5 a4 13. Qc2 h6 14. g4 $6 (14. Ndf3 $142 $14) 14...
Nd7 15. Ndf3 Ndxe5 16. dxe5 f6 17. Bh7+ Kh8 18. Nh4 $4 (18. Qg6 $142 $16) 18...
f5 19. gxf5 Bxh4 20. f6 g5 $4 (20... b5 $19) 21. Qg6 b6 22. Qxh6 Qxh7 23. Qxf8+
Qg8 24. Qh6+ Qh7 25. Qf8+ 1/2-1/2

[Event "31st open TETEVEN"]
[Site "Teteven"]
[Date "2016.08.19"]
[Round "7.17"]
[White "Kosturkov, Krasimir"]
[Black "Todorov, Tsetsko"]
[Result "0-1"]
[WhiteElo "1650"]
[BlackElo "1949"]
[PlyCount "68"]
[EventDate "2016.08.13"]
[EventType "swiss"]
[EventRounds "9"]
[EventCountry "BUL"]

1. e4 {Belov} c5 2. f4 d6 3. Nf3 Nf6 4. Nc3 Nc6 5. Bb5 e6 ({RR} 5... Bd7 6. e5
({RR} 6. O-O e6 7. e5 dxe5 8. fxe5 Nd5 9. Ne4 Be7 10. d3 O-O 11. Bxc6 Bxc6 12.
a3) 6... dxe5 7. fxe5 Ng4 8. Qe2 Nh6 ({RR} 8... g6 9. d3 Bg7 10. Bf4 O-O ({RR} 
10... Nd4 11. Nxd4 cxd4 12. Qxg4 dxc3 13. Bxd7+ Qxd7 14. Qxd7+ Kxd7 15. bxc3)
11. h3 Nh6 12. Bxc6 Bxc6 13. g4) 9. Ne4 e6 10. d4) 6. d3 ({RR} 6. Bxc6+ bxc6 7.
d3 ({RR} 7. e5 Nd5 ({RR} 7... dxe5 8. Nxe5 Qc7 9. d3) 8. d3 ({RR} 8. exd6 Nxf4)
8... Nxc3 9. bxc3 d5) 7... Nd7 ({RR} 7... Be7 8. e5 Nd5 9. exd6 Bxd6 10. g3) 8.
O-O Be7 9. Qe1 O-O 10. Kh1 a5 11. b3 Nb6 12. a4 ({RR} 12. Bb2 a4) 12... Ra7 13.
Bd2 d5 14. Ne2 Nd7 15. c4 ({RR} 15. Ng3 Ba6 16. c4) 15... Qb6 16. Rb1 f5 17.
Ng3 Nf6 18. h3 Bd8 19. Ne5 Re7 20. Rf2 g6 {
Short,N (2695)-Azmaiparashvili,Z (2670)/Yerevan 1996/CBM 055/[Belov]/1/2 (41)})
6... Qc7 ({RR} 6... Be7 7. O-O O-O 8. h3 h6 9. Bxc6 bxc6 10. Be3 d5 11. exd5
cxd5 12. d4 cxd4 13. Nxd4 Bb7 14. Qd3 Rc8 15. a4 Nd7 16. a5 Bb4 17. Nb3 Qc7 18.
Bd4 Nc5 19. Nxc5 Bxc5 20. Ne2 f6 21. Qe3 {
Stoyanov,T (1765)-Ganerdene,S/Al Ain 2013/CBM 158 Extra/1/2 (39)}) 7. O-O Be7
8. Bxc6+ $146 ({RR} 8. Qe1 O-O 9. Bxc6 bxc6 10. e5 Nd5 11. Ne4 Nb4 12. Qf2 Ba6
13. a3 Nd5 14. c4 Nb6 15. exd6 Bxd6 16. Nxc5 Bxc5 17. Qxc5 Rad8 18. Qe3 Nd7 19.
b4 Nf6 20. Ne5 Nd7 21. Ng4 h5 22. Nf2 e5 {
Tay,J-Agus,S/Kuala Lumpur 1992/CBM 031 Extra/1-0 (51)}) ({RR} 8. e5 Nd7 9. Bxc6
({RR} 9. exd6 Bxd6 10. Ne4 Nd4 11. Nxd4 cxd4 12. Qg4 Kf8 13. Qh5 Nf6 14. Nxf6
gxf6 15. f5 Be5 16. Bh6+ Ke7 17. Bg7 Rg8 18. Qxh7 Bd7 19. Bxd7 Qxd7 20. fxe6
Kxe6 21. Rae1 {1-0 Dorenberg,G (2345)-Eggelte,J/Gent 1994/EXT 2002}) 9... Qxc6
10. exd6 Qxd6 11. Qe2 O-O 12. Bd2 b6 13. Ne4 Qc6 14. Ne5 Nxe5 15. fxe5 Bb7 16.
Qg4 Kh8 17. Rf3 f5 18. exf6 Bxf6 19. Raf1 Bd4+ 20. Kh1 Rxf3 21. Rxf3 Qe8 22.
Bc3 Bxc3 {Thielen,D (2124)-Wessendorf,T (2324)/Germany 1999/CBM 074 Extra/1/2})
8... Qxc6 9. a4 O-O 10. Kh1 b6 11. Be3 a6 12. Qe1 Bb7 13. Qg3 Rfd8 14. Qh3 b5
15. Ng5 h6 16. Nf3 (16. e5 $142 $132) 16... b4 17. Ne2 Nd7 18. f5 exf5 19. Qxf5
Bf6 20. c3 (20. Nf4 $142) 20... a5 21. Nd2 d5 22. exd5 Qxd5 23. Qxd5 Bxd5 24.
Nf4 Bc6 25. d4 cxd4 26. Bxd4 Bxd4 27. cxd4 Nb6 28. d5 Bxa4 29. Ne4 Bb3 30. d6
a4 31. Nd3 Bc2 32. Ndc5 Nc4 33. d7 Bxe4 34. Nxe4 Rxd7 0-1

[Event "31st open TETEVEN"]
[Site "Teteven"]
[Date "2016.08.19"]
[Round "7.20"]
[White "Georgiev, Nikolay Zh."]
[Black "Andreev, Krasimir"]
[Result "0-1"]
[WhiteElo "1537"]
[BlackElo "1879"]
[PlyCount "58"]
[EventDate "2016.08.13"]
[EventType "swiss"]
[EventRounds "9"]
[EventCountry "BUL"]

1. e4 c5 2. f4 d6 3. Bc4 e6 ({RR} 3... Nc6 4. a3 g6 5. Nf3 Bg7 6. O-O e6 7. c3
Nge7 8. d3 O-O 9. Qe1 d5 10. Bb3 c4 11. Bc2 cxd3 12. Bxd3 dxe4 13. Bxe4 Bd7 14.
b4 a5 15. Ra2 b5 16. Rd2 Qc7 17. Ne5 Nxe5 18. Bxa8 {
Isufi,E (2101)-Wallart,A (2243)/Bethune 2003/CBM 098 Extra/0-1 (31)}) 4. Bb3 ({
RR} 4. Nc3 Qh4+ 5. g3 Qd8 6. Nf3 Nc6 7. d4 cxd4 8. Nxd4 Bd7 9. Be3 e5 10. Ndb5
exf4 11. Bxf4 Ne5 12. Bxe5 dxe5 13. O-O Bc5+ 14. Kh1 Nf6 15. Nd5 Nxd5 16. Qxd5
Be6 17. Qxc5 Bxc4 18. Qxc4 O-O {
Guarachi,L-Avila,M (1649)/Cochabamba 2015/CBM 164 Extra/1-0 (33)}) 4... Nc6
$146 ({RR} 4... Be7 5. Nf3 Nf6 6. d3 O-O 7. O-O Nc6 8. c3 b5 9. Qe2 Qb6 10. Bc2
e5 11. f5 a5 12. Kh1 h6 13. Rg1 Nh7 14. g4 Qd8 15. Nbd2 Ba6 16. Nf1 Ng5 17. Ne3
Nxf3 18. Qxf3 Bg5 19. Nd5 {
Kovacs,L (2195)-Pasztorcsik,J (2050)/Nyiregyhaza 1998/EXT 2002/1-0 (38)}) 5.
Nf3 g6 6. O-O Bg7 7. d3 Nge7 8. c3 d5 9. e5 O-O 10. Be3 d4 11. Bf2 h5 12. cxd4
cxd4 13. h3 Bh6 14. g3 b6 15. Na3 Bb7 16. Nc2 Na5 17. h4 Nxb3 18. axb3 Nf5 19.
Ncxd4 Qd5 20. Ra3 Rfd8 21. Qe2 Bf8 22. Ra4 b5 23. Raa1 a6 24. Rac1 Rac8 25.
Rxc8 Rxc8 26. Kh2 Rd8 27. Be3 Nxe3 28. Qxe3 Bc5 29. Qe4 Qxe4 0-1

[Event "31st open TETEVEN"]
[Site "Teteven"]
[Date "2016.08.19"]
[Round "7.22"]
[White "Strugov, Stojan"]
[Black "Toshkov, Angel"]
[Result "0-1"]
[WhiteElo "1614"]
[BlackElo "1985"]
[PlyCount "102"]
[EventDate "2016.08.13"]
[EventType "swiss"]
[EventRounds "9"]
[EventCountry "BUL"]

1. d4 Nf6 2. c4 e6 3. Nc3 d5 4. a3 b6 5. Nf3 ({RR} 5. cxd5 exd5 6. Bg5 Be7 7.
e3 O-O 8. Bd3 Nbd7 9. Nge2 h6 10. Bh4 Bb7 11. f3 c5 12. O-O a6 13. Qd2 Re8 14.
Rad1 b5 15. dxc5 Bxc5 16. Nd4 Qb6 17. Qf2 Ne5 18. Rfe1 Nc4 19. Bb1 Nd7 {
Marin,M (2537)-Nisipeanu,L (2679)/Castelldefels 2005/CBM 107 Extra/1/2}) ({RR} 
5. Bg5 dxc4 6. e4 Be7 7. Bxc4 Bb7 8. Bd3 O-O 9. Nf3 h6 10. Be3 a5 11. O-O Ba6
12. Ne5 Bxd3 13. Qxd3 Nfd7 14. f4 Nxe5 15. fxe5 Nd7 16. Rad1 c5 17. Nb5 cxd4
18. Bxd4 Qb8 19. Nd6 Bxd6 {
Lazaris,S (1777)-Damianou,I (1749)/Nicosia 2015/EXT 2016/0-1 (37)}) 5... Nbd7
$146 ({RR} 5... h6 6. Bf4 Bd6 7. Ne5 Bxe5 8. Bxe5 Nfd7 9. Bxg7 Rg8 10. Bxh6 Ba6
11. cxd5 exd5 12. Nxd5 Bb7 13. e4 Nf6 14. Nc3 Nc6 15. d5 Ne5 16. Bb5+ Nfd7 17.
Qh5 Qe7 18. f4 Ng6 19. f5 Nge5 20. f6 {
Novak,Z-Novak,M/Cakovec 2011/EXT 2012/1-0}) ({RR} 5... Ba6 6. Qa4+ Qd7 7. Qxd7+
Nbxd7 8. cxd5 exd5 9. b4 c6 10. Bf4 Rc8 11. g3 Be7 12. Bh3 O-O 13. Ne5 Rfd8 14.
O-O c5 15. Nxd5 Nxd5 16. Bxd7 Nxf4 17. gxf4 Rc7 18. Rac1 f6 19. Be6+ Kf8 20.
Nf3 {Roos,B (1232)-Fredrich,B (1106)/Germany 2004/EXT 2005/0-1}) 6. e3 Ba6 7.
Qa4 Qc8 8. Ne5 Bd6 9. Nxd7 Nxd7 10. cxd5 Bxf1 11. dxe6 b5 12. Nxb5 Bxb5 13.
Qxb5 fxe6 14. O-O c6 15. Qh5+ g6 16. Qh6 Bf8 17. Qf4 Bg7 18. Rd1 Nf6 19. b4 O-O
20. e4 Qb8 21. e5 Nd5 22. Qd2 Qb5 23. Bb2 Nf4 24. Re1 Bh6 25. Kh1 Kg7 26. Qc2
Rf5 27. a4 Qd5 28. Re4 Raf8 29. Bc1 Bg5 30. g3 Nh3 31. f4 Nf2+ 32. Kg2 Qxe4+
33. Qxe4 Nxe4 34. b5 Bd8 35. Ba3 Re8 36. bxc6 Bc7 37. a5 Rb8 38. Rc1 g5 39. Kf3
Rb3+ 40. Kxe4 Rxa3 41. Rb1 Rf7 42. d5 Ra4+ 43. Kd3 exd5 44. e6 Re7 45. f5 Kf6
46. g4 Rxg4 47. Rb7 Ra4 48. Rxa7 Rxa5 49. Rxa5 Bxa5 50. Kd4 Kxf5 51. Kxd5 Rxe6
0-1

[Event "31st open TETEVEN"]
[Site "Teteven"]
[Date "2016.08.19"]
[Round "7.23"]
[White "Shumantov, Aleksandar"]
[Black "Chartazanov, Valentin"]
[Result "1-0"]
[WhiteElo "1926"]
[BlackElo "1709"]
[PlyCount "39"]
[EventDate "2016.08.13"]
[EventType "swiss"]
[EventRounds "9"]
[EventCountry "BUL"]

1. e4 c5 2. Nf3 Nc6 3. d4 cxd4 4. Nxd4 e5 5. Nb5 d6 6. N1c3 a6 7. Na3 b5 8. Nd5
Nce7 9. c4 Nxd5 10. Qxd5 Be6 11. Qc6+ Bd7 12. Qb7 Nf6 13. cxb5 d5 14. Nc2 axb5
15. Bxb5 Rc8 16. Bxd7+ Nxd7 17. Ne3 Rb8 18. Qxd5 Bb4+ 19. Bd2 O-O 20. O-O 1-0

[Event "31st open TETEVEN"]
[Site "Teteven"]
[Date "2016.08.19"]
[Round "7.25"]
[White "Andreev, Dobrotich"]
[Black "Kulev, Atanas"]
[Result "1/2-1/2"]
[WhiteElo "1914"]
[BlackElo "1634"]
[PlyCount "29"]
[EventDate "2016.08.13"]
[EventType "swiss"]
[EventRounds "9"]
[EventCountry "BUL"]

1. e4 c5 2. Nf3 e6 3. d4 cxd4 4. Nxd4 Nf6 5. Nc3 Nc6 6. Nxc6 bxc6 7. e5 Nd5 8.
Nxd5 cxd5 9. Qd4 ({RR} 9. Be3 Qc7 ({RR} 9... d6 10. exd6 Bxd6 11. Bb5+ Bd7 12.
Qd3 Qa5+ {
0-1 Plachetka,M (1598)-Malinovsky,P (2006)/Rychnov nad Kneznou 2015/EXT 2016})
10. Bd4 Bc5 11. c3 O-O 12. Bxc5 Qxc5 13. Bd3 Rb8 14. Qe2 d4 15. Qe4 g6 16. Qxd4
Qxd4 17. cxd4 Rxb2 18. Bc4 Rb4 19. Rc1 Bb7 20. O-O Rc8 21. Bb3 Rxc1 22. Rxc1
Rxd4 23. f3 g5 {
Bevilacqua,A (2105)-Khenkin,I (2634)/Trieste 2009/CBM 132 Extra/0-1 (43)}) 9...
Qc7 10. Be3 Bb7 $146 ({RR} 10... Ba6 11. Bd3 Be7 12. O-O Bxd3 13. cxd3 O-O 14.
Rac1 Qa5 15. a3 d6 16. Bf4 dxe5 17. Bxe5 f6 18. Bc7 Qb5 19. b4 Rfc8 20. Qe3 Qd7
21. Ba5 Bd6 22. g3 e5 23. d4 e4 24. Qb3 Qe6 25. b5 {
Zarow,Z (1980)-Wojcieszyn,Z (2109)/Dadaj 2007/EXT 2009/0-1 (48)}) ({RR} 10...
Be7 11. Bd3 f6 12. f4 O-O 13. O-O Bb7 14. c4 Rfc8 15. cxd5 Bxd5 16. Rfc1 Qb7
17. Rxc8+ Rxc8 18. Rc1 Rxc1+ 19. Bxc1 Bxg2 20. Qc4 Bd5 21. Qc2 Qb6+ 22. Kf1 f5
23. Qc8+ Qd8 24. Qc3 Qa8 25. Be3 {
Plewka,M-Albertsen,M/Kropp 1993/EXT 2000/0-1 (58)}) 11. Bd3 Be7 12. O-O O-O 13.
Rfe1 d6 14. Bf4 Qc5 15. c3 1/2-1/2

[Event "31st open TETEVEN"]
[Site "Teteven"]
[Date "2016.08.19"]
[Round "7.27"]
[White "Kamenov, Filip"]
[Black "Gevrenov, Vladimir"]
[Result "1-0"]
[WhiteElo "1874"]
[BlackElo "1606"]
[PlyCount "113"]
[EventDate "2016.08.13"]
[EventType "swiss"]
[EventRounds "9"]
[EventCountry "BUL"]

1. e4 g6 2. d4 Bg7 3. Nf3 d6 4. Be3 Nd7 5. c3 ({RR} 5. c4 e6 6. Nc3 Ne7 7. Be2
h6 8. Qc2 a6 9. h4 c5 10. O-O-O Qa5 11. Kb1 b5 12. dxc5 dxc5 13. cxb5 O-O 14.
Nd2 axb5 15. Nb3 Qb6 16. Nxb5 Nc6 17. Bxc5 Nxc5 18. Qxc5 Qa6 19. Nc3 Qb7 {
Sulava,N (2549)-Haub,T (2468)/Metz 2007/CBM 117 Extra/1-0 (57)}) 5... b6 ({RR} 
5... c6 6. Nbd2 Qc7 7. Bc4 Nb6 8. Bb3 e6 9. c4 Ne7 10. Qc2 h6 11. h4 d5 12. c5
Nd7 13. e5 b6 14. Bf4 Ba6 15. a4 bxc5 16. dxc5 Rb8 17. a5 Rb5 18. Qd3 Nxc5 19.
Qc3 Rxb3 20. Nxb3 {
Isler,B (1704)-Roehl,M (1826)/Kiel 2015/CBM 167 Extra/0-1 (31)}) 6. Nbd2 Bb7
$146 ({RR} 6... Ngf6 7. h3 Bb7 8. Bd3 O-O 9. O-O Re8 10. Qc2 e5 11. d5 c5 12.
Rac1 h5 13. Bg5 a6 14. Ne1 b5 15. f4 Qb6 16. f5 b4 17. fxg6 Rf8 18. gxf7+ Rxf7
19. Qd1 Qd8 20. Be2 a5 21. Bxh5 {
Berginas,S (1635)-Kancyte,M/Panevezys 2013/CBM 155 Extra/1-0 (48)}) 7. Qc2 e6
8. Bc4 Ne7 9. Ng5 d5 10. Bd3 c5 11. e5 Rc8 12. Qd1 h6 13. Ngf3 O-O 14. Rc1 a6
15. O-O f6 16. exf6 Nxf6 17. Bf4 Ne4 18. Be5 Nf5 19. Bxg7 Kxg7 20. Qe2 Nfd6 21.
Rce1 Qf6 22. Ne5 cxd4 23. cxd4 b5 24. Nd7 Qxd4 25. Nxf8 Rxf8 26. Nxe4 dxe4 27.
Bb1 Bd5 28. b3 Rf5 29. Rd1 Qe5 30. Qe3 Rg5 31. f4 exf3 32. Qxe5+ Rxe5 33. gxf3
Kf6 34. f4 Re3 35. Rd2 Nf7 36. Kf2 Rc3 37. Rd3 Rc5 38. Ke3 Nd6 39. Kd4 Rc7 40.
Rc3 Ra7 41. Rfc1 a5 42. Rc7 Ra8 43. Rh7 h5 44. Rg1 Rg8 45. Rxh5 b4 46. Kc5 Rc8+
47. Kxd6 gxh5 48. f5 Rc6+ 49. Kd7 exf5 50. Rf1 f4 51. Rxf4+ Kg7 52. Rf5 Rc1 53.
Rxd5 Rxb1 54. Rxh5 Rb2 55. Rxa5 Rxh2 56. Kc6 Kf7 57. Kb5 1-0

[Event "31st open TETEVEN"]
[Site "Teteven"]
[Date "2016.08.19"]
[Round "7.36"]
[White "Primkov, Radi"]
[Black "Banev, Simeon"]
[Result "1-0"]
[WhiteElo "1692"]
[BlackElo "1429"]
[PlyCount "77"]
[EventDate "2016.08.13"]
[EventType "swiss"]
[EventRounds "9"]
[EventCountry "BUL"]

1. e4 d5 2. exd5 Qxd5 3. Nc3 Qd8 4. d4 Nf6 5. Nf3 Bg4 6. Be2 c6 7. h3 Bxf3 8.
Bxf3 e6 9. Ne4 ({RR} 9. Qd3 Nbd7 10. Bd2 Nb6 11. O-O-O Nbd5 12. Ne4 Qc7 13. c4
Nxe4 14. Bxe4 Nf6 15. Bf3 O-O-O 16. Bc3 Bd6 17. Kb1 Kb8 18. Rhe1 Rhe8 19. Qc2
h6 20. Qa4 Qc8 21. Re3 Bf4 22. Ree1 Bc7 23. b4 Rd7 {
Bilguun,S (2362)-Gan Od,S (2303)/Ulaanbaatar 2015/CBM 166 Extra/1/2 (84)}) 9...
Nbd7 10. O-O Be7 $146 ({RR} 10... Nxe4 11. Bxe4 Nf6 12. Bg5 {
1/2 Savchenko,B (2578)-Golod,V (2578)/Bornholm 2008/CBM 125 Extra}) 11. Be3 O-O
12. c4 Nxe4 13. Bxe4 Qc7 14. Rc1 Nf6 15. Bf3 Rfd8 16. Qb3 Qb6 17. Qc2 Qc7 18.
Rfd1 a5 19. Qe2 Qb8 20. g4 h6 21. h4 Nh7 22. h5 Bg5 23. Be4 Bxe3 24. Qxe3 Nf6
25. Bf3 Qc7 26. Be2 Rac8 27. f4 b6 28. g5 hxg5 29. fxg5 Ne8 30. c5 b5 31. Bd3
Rd5 32. Be4 Rd7 33. Rf1 Rcd8 34. Rcd1 e5 35. Bc2 exd4 36. Qd3 g6 $4 (36... Kf8
$142) 37. hxg6 fxg6 38. Qxg6+ Rg7 39. Bb3+ 1-0

[Event "31st open TETEVEN"]
[Site "Teteven"]
[Date "2016.08.19"]
[Round "7.46"]
[White "Nikolova, Angelika"]
[Black "Nenchev, Georgi"]
[Result "0-1"]
[WhiteElo "1120"]
[BlackElo "1462"]
[PlyCount "42"]
[EventDate "2016.08.13"]
[EventType "swiss"]
[EventRounds "9"]
[EventCountry "BUL"]

1. e4 e6 2. d4 d5 3. c4 Bb4+ ({RR} 3... dxe4 4. f3 c5 5. d5 exd5 ({RR} 5... Bd6
6. Be3 Nf6 7. Nc3 exd5 8. cxd5 Qe7 9. fxe4 O-O 10. Bg5 Nbd7 11. Nf3 Re8 12. Bb5
a6 13. Bxd7 Qxd7 14. Bxf6 gxf6 15. Qd2 Qg4 16. O-O Kh8 17. Qh6 Qg6 18. Qxg6
fxg6 19. e5 Bxe5 20. Nxe5 {
Schipke,T (1785)-Steens,R (1749)/Germany 2015/EXT 2016/0-1 (45)}) 6. cxd5 e3 7.
Bxe3 Nf6 8. Nc3 Bd6 9. Bd3 a6 10. a4 O-O 11. Nge2 Qc7 12. g3 Nbd7 13. O-O Rb8
14. Kg2 Re8 15. Qd2 Ne5 16. Bg5 Nfd7 17. Bb1 b5 18. axb5 {
Linnemer,L (2163)-Grigoryan,A (2506)/ICC INT 2009/CBM 129 Extra/1/2 (43)}) 4.
Nc3 Bxc3+ 5. bxc3 Ne7 $146 ({RR} 5... dxe4 6. f3 Nf6 7. Qc2 exf3 8. Nxf3 b6 9.
Bg5 Bb7 10. Bd3 h6 11. Bh4 Nbd7 12. O-O-O Qe7 13. Kb1 g5 14. Bg3 O-O-O 15. Rhe1
Qf8 16. h3 Rg8 17. Ne5 Nxe5 18. Rxe5 Nd7 19. Re2 Qa3 20. Be1 {
Coda,C (2165)-Farace,D/Mar del Plata 2009/CBM 129 Extra/0-1 (53)}) 6. Be2 b6 7.
Rb1 Bb7 8. Bd2 Nd7 9. e5 dxc4 10. Bxc4 Bxg2 11. Qg4 Bxh1 12. Qxg7 Rg8 13. Qxh7
Rxg1+ 14. Bf1 Nc5 15. dxc5 Qd5 16. cxb6 axb6 17. Rd1 Rxa2 18. Qb1 Qg2 19. Ke2
Qf3+ 20. Ke1 Bg2 21. Rc1 Rxf1# 0-1

[Event "31st open TETEVEN"]
[Site "Teteven"]
[Date "2016.08.20"]
[Round "8.2"]
[White "Janakiev, Ivan"]
[Black "Raev, Rostislav"]
[Result "1-0"]
[WhiteElo "2077"]
[BlackElo "2257"]
[PlyCount "63"]
[EventDate "2016.08.13"]
[EventType "swiss"]
[EventRounds "9"]
[EventCountry "BUL"]

1. d4 Nf6 2. c4 c5 3. d5 g6 4. Nc3 Bg7 5. e4 d6 6. f4 O-O 7. Nf3 e6 8. Be2 exd5
9. exd5 Re8 10. O-O Bf5 11. Bd3 Qd7 12. Qc2 Na6 ({RR} 12... Bxd3 13. Qxd3 Na6
14. a3 Nc7 15. Bd2 ({RR} 15. f5 Qxf5 16. Qxf5 gxf5 17. Nh4 b5 18. Nxf5 bxc4 19.
Bh6 Bxh6 20. Nxh6+ Kg7 21. Nf5+ Kg6 22. Rf3 Nfxd5 23. Raf1 Nxc3 24. bxc3 Rf8
25. Nxd6 f5 26. Nxf5 Nd5 27. Ne7+ Nxe7 28. Rxf8 Rxf8 29. Rxf8 Nd5 {
Orsag,M (2381)-Melamed,T (2364)/Germany 2015/EXT 2016/1-0}) 15... b5 16. cxb5
Reb8 17. b4 cxb4 18. axb4 Nxb5 19. Ra5 Nxc3 20. Bxc3 Qb7 21. Kh1 Re8 22. f5
Rac8 23. fxg6 fxg6 24. Bd4 a6 25. Rxa6 Qxd5 26. Ra7 Bh8 27. Qb1 {
Colin,V (2412)-Hebden,M (2548)/Guernsey 2013/CBM 157 Extra/0-1 (32)}) 13. Bxf5
gxf5 14. Bd2 Ne4 $146 ({RR} 14... Nb4 15. Qb1 Re7 ({RR} 15... Ne4 16. Be1 Bf6
17. a3 Na6 18. Qd3 Nc7 19. Nh4 b5 20. Qh3 bxc4 21. Nxf5 Kh8 22. Rd1 Nb5 23.
Nxb5 Qxb5 24. Bc3 Bxc3 25. bxc3 Qd7 26. Qh5 f6 27. Rf3 Rf8 28. Re3 Ng5 29. g4
Rg8 30. Rde1 {Riha,V (2315)-Firt,S/Karvina 1986/EXT 2006/1-0 (45)}) 16. a3 Na6
17. Qd3 Rae8 18. Rae1 Ne4 19. h3 Bf6 20. Ng5 Nxd2 21. Qxd2 h6 22. Nf3 Nc7 23.
Qd3 a6 24. Rxe7 Rxe7 25. b3 Ne8 26. Ne2 Ng7 27. Ng3 Re8 28. Rf2 Re7 29. Re2 {
Holemar,D (2345)-Kopriva,O (2220)/Czechia 2004/EXT 2007/1-0 (38)}) 15. Be1 Qe7
16. Bh4 Bf6 17. Bxf6 Qxf6 18. Rae1 Nxc3 19. bxc3 Nc7 20. Qa4 b5 21. Rxe8+ Rxe8
22. Qxa7 Qd8 23. Rb1 Re7 24. Qb7 bxc4 25. Qc6 Ne8 26. Qb5 Qa8 27. Qxc4 Re4 28.
Qb3 c4 29. Qb7 Qxb7 30. Rxb7 Rxf4 31. a4 Nf6 32. a5 1-0

[Event "31st open TETEVEN"]
[Site "Teteven"]
[Date "2016.08.20"]
[Round "8.3"]
[White "Nikolov, Sasho"]
[Black "Monev, Aleksandar"]
[Result "0-1"]
[WhiteElo "2359"]
[BlackElo "2167"]
[PlyCount "62"]
[EventDate "2016.08.13"]
[EventType "swiss"]
[EventRounds "9"]
[EventCountry "BUL"]

1. e4 c5 2. Nf3 e6 3. d4 cxd4 4. Nxd4 Nc6 5. Nc3 Qc7 6. g3 a6 7. Bg2 d6 8. O-O
Bd7 9. a4 Be7 10. Nb3 Nf6 11. a5 ({RR} 11. f4 O-O 12. g4 d5 13. e5 Ne8 14. Be3
Bb4 15. Ne2 f6 16. c3 Be7 17. exf6 Nxf6 18. Ng3 Bd6 19. g5 Ne8 20. Nc5 Ne7 21.
Nxd7 {1/2 De Firmian,N (2605)-Zvjaginsev,V (2600)/Biel 1995/CBM 049}) 11... O-O
12. f4 ({RR} 12. Be3 Rac8 13. f4 Nb4 14. g4 ({RR} 14. Bb6 Qb8 15. g4 Bc6 16.
Nd4 Nd7 17. Nxc6 Nxc6 18. g5 Nxb6 19. axb6 Bd8 20. Na4 Bxb6+ 21. Nxb6 Qa7 22.
Qxd6 Qxb6+ 23. Kh1 Rfd8 24. Qa3 Nd4 25. Rac1 Nxc2 26. Qe7 Ne3 27. Rxc8 Rxc8 28.
Rb1 Qxb2 {Adzic,S (2142)-Milov,L (2522)/Davos 2013/CBM 155 Extra/0-1}) 14... h6
15. Rf2 e5 16. h3 Bc6 17. g5 hxg5 18. fxg5 Nh7 19. h4 Bd7 20. Bb6 Qc4 21. Nd2
Qe6 22. Nf1 g6 23. Ne3 f6 24. Rf3 Qf7 25. Qd2 Qg7 26. Ncd5 Nxd5 {
Kim,A (2477)-Stachowiak,K (2446)/Marianske Lazne 2015/CBM 164 Extra/1-0 (48)})
12... Nb4 13. g4 $146 ({RR} 13. Be3 Bc6 14. Rf2 d5 15. Bb6 Qc8 16. e5 Ne4 17.
Re2 f5 18. exf6 Bxf6 19. Nd4 Be8 20. Nxe4 dxe4 21. c3 Nd5 22. Rxe4 Nxb6 23.
axb6 Qc5 24. Kh1 Qxb6 25. Qe2 Bg6 26. Rxe6 Qc5 27. Bxb7 Rab8 {
Gollogly,D-Garbett,P (2265)/Dunedin 1983/EXT 1998/1-0 (60)}) 13... Bc6 14. g5
Nd7 15. Nd4 d5 16. exd5 Nxd5 17. Nxc6 bxc6 18. Ne4 Nc5 19. Ng3 g6 20. Bd2 Rab8
21. c4 Nb4 22. Bc3 Rfd8 23. Qe2 Nbd3 24. Ne4 Nxe4 25. Bxe4 Nxf4 26. Qf3 Bxg5
27. Rae1 e5 28. Bxc6 Rd3 29. Qe4 f5 30. Qxd3 Nxd3 31. Bd5+ Kf8 0-1

[Event "31st open TETEVEN"]
[Site "Teteven"]
[Date "2016.08.20"]
[Round "8.4"]
[White "Todorov, Momchil"]
[Black "Bochev, Krasimir"]
[Result "1-0"]
[WhiteElo "2304"]
[BlackElo "2126"]
[PlyCount "89"]
[EventDate "2016.08.13"]
[EventType "swiss"]
[EventRounds "9"]
[EventCountry "BUL"]

1. e4 g6 2. d4 Bg7 3. Nf3 c6 4. Nc3 d5 5. h3 dxe4 6. Nxe4 Bf5 7. Ng3 Be6 8. c3
Nf6 9. Bd3 O-O ({RR} 9... Bd5 10. O-O Bxf3 11. Qxf3 O-O 12. Re1 Nbd7 13. Nf1
Re8 14. Bf4 Nd5 15. Bg3 a5 16. Nd2 e5 17. Nc4 exd4 18. Nd6 Rxe1+ 19. Rxe1 Qf6
20. Qg4 Nc5 21. Ne8 Nxd3 22. Nxf6+ Nxf6 23. Qxd4 Nxe1 24. Bh4 {
Ehlvest,J (2600)-Kamsky,G (2693)/Moscow 2010/CBM 135/1-0 (56)}) 10. O-O Bd5 11.
Ne5 ({RR} 11. Re1 Nbd7 12. Nh2 b5 13. Bf4 a6 14. a4 c5 15. axb5 c4 16. Bc2 axb5
17. Qe2 Re8 18. Nf3 Qb6 19. Ne5 Qb7 20. f3 Nxe5 21. Bxe5 Nd7 22. Bxg7 Kxg7 23.
Ne4 Qc6 24. Qf2 Rxa1 25. Rxa1 Ra8 {
Kostic,V (2367)-Ivanovic,D (2297)/Kragujevac 2015/EXT 2016/1/2 (37)}) 11...
Nbd7 12. f4 $146 ({RR} 12. c4 Be6 13. Nf3 Nb6 14. Qe2 Nc8 15. Re1 Re8 16. a4
Nd6 17. Qc2 Qc8 18. Nh4 b6 19. Bf4 Nd7 20. Rad1 Nf8 21. Nf3 Nf5 22. Ne2 Rd8 23.
Be5 Bxe5 24. dxe5 Qc7 25. Be4 Rac8 26. g4 Ng7 {
Vajda,L (2440)-Sanduleac,V (2450)/Bucharest 1998/EXT 1999/0-1 (51)}) 12... b5
13. a4 a6 14. b3 Qb6 15. a5 Qa7 16. Ba3 Nxe5 17. fxe5 Nd7 18. Kh2 Rae8 19. Be4
f6 20. Bxd5+ cxd5 21. e6 Nb8 22. Qf3 Rd8 23. Bc5 Qb7 24. c4 Rfe8 25. Rfe1 f5
26. Bb6 Nc6 27. Rad1 bxc4 28. bxc4 f4 29. Qxf4 Rf8 30. Qg5 Bf6 31. Qc1 Rc8 32.
Qa3 Na7 33. Bxa7 Qxa7 34. c5 Rb8 35. Ne2 Rb5 36. Nc3 Qc7+ 37. Kh1 Rxa5 38. Nxd5
Qd8 39. Nxf6+ Rxf6 40. Qc3 Qc7 41. Rf1 Rxf1+ 42. Rxf1 Rb5 43. d5 Qc8 44. Rf7
Rb1+ 45. Kh2 1-0